[Event "Saarland-ch C 85th"]
[Site "Homburg"]
[Date "2010.03.28"]
[Round "3"]
[White "Baecker, Jonas"]
[Black "Luy, Markus"]
[Result "0-1"]
[WhiteElo "1386"]
[BlackElo "1442"]
[PlyCount "26"]
[EventDate "2010.03.28"]
[EventType "swiss"]
[EventRounds "9"]
[EventCountry "GER"]
[SourceTitle "EXT 2011"]
[Source "ChessBase"]
[SourceDate "2010.11.26"]
[SourceVersion "1"]
[SourceVersionDate "2010.11.26"]
[SourceQuality "1"]

1. d4 Nf6 2. c4 g6 3. Bg5 Bg7 4. Nc3 0-0 5. Nf3 d6 6. e3 Bg4 7. Be2 Nbd7 8. 0-0 c5 9. Qc2 Rb8 10. Rad1 Qa5 11. Rfe1 Bxf3 12. Bxf3 cxd4 13. exd4 Qxg5 0-1